000 00395nam a2200133Ia 4500
005 20260328104253.0
008 260328s9999||||xx |||||||||||||| ||und||
100 _aMartín Juez, Fernando
245 0 _aEn el Lugar de la Bifurcación /
_cFernando Martín Juez
260 _bCentro de Investigaciones de Diseño Industrial (CIDI)
300 _a40 p.
650 _aDISEÑO INDUSTRIAL
942 _cBK
999 _c10338
_d10338